The book of the Revelation. (Record no. 6217)

000 -LEADER
fixed length control field 00560nam a2200181 a 4500
001 - CONTROL NUMBER
control field :::00003960$&:&@@
003 - CONTROL NUMBER IDENTIFIER
control field OkBaRHE
005 - DATE AND TIME OF LATEST TRANSACTION
control field 20000607103315.0
008 - FIXED-LENGTH DATA ELEMENTS--GENERAL INFORMATION
fixed length control field s1979 j 000 0 eng u
040 ## - CATALOGING SOURCE
Transcribing agency
100 1# - MAIN ENTRY--PERSONAL NAME
Personal name Strauss, Lehman.
245 14 - TITLE STATEMENT
Title The book of the Revelation.
260 ## - PUBLICATION, DISTRIBUTION, ETC. (IMPRINT)
Place of publication, distribution, etc Neptune, NJ., :
Name of publisher, distributor, etc Loizeaux Brothers
Date of publication, distribution, etc 1979
300 ## - PHYSICAL DESCRIPTION
Extent 381 p. ;
Dimensions 20 cm.
650 ## - SUBJECT ADDED ENTRY--TOPICAL TERM
Topical term or geographic name as entry element Bible New Testament Revelation
General subdivision Commentaries
942 ## - ADDED ENTRY ELEMENTS (KOHA)
Source of classification or shelving scheme
Koha item type Books
Copies
Date acquired Lost status Barcode Price effective from Not for loan Date last seen Damaged status Source of classification or shelving scheme Shelving location Permanent Location Koha item type Withdrawn status Full call number Copy number
2010-04-14 39602010-04-14 2018-04-03  General StacksRHEMA Bible Training CollegeBooks BS 2825.3 .S71